000 00923nam a2200277Ia 4500
001 Para_9381
003 CHAP
008 220125s2007 xx 000 0 und d
010 _a208078
040 _cCHAP
090 _aTESIS 2122
100 _aRaya Sánchez, Daniel Sinai
_994816
245 _aEvaluación de incidencia de enfermedades en veinte genotipos de frijol negro (Phaseolus vulgaris L.) /
_c por Daniel Sinai Raya Sánchez
260 _aChapingo, Méx. :
_b el autor
300 _a53 h.
502 _aTesis (Ing. Agr. Esp. en Parasitología Agrícola) -- UACh. Departamento Parasitología Agrícola
650 _aFrijol
_x enfermedades
_943367
710 _aUACh. Departamento Parasitología Agrícola
_9164025
901 _aTESIS 2122
902 _aM
905 _a0000002007 an 0000000000 00
910 _a2007
942 _cPARA
942 _cPARA
_d2
999 _c208078
_d208078